<?xml version="1.0" encoding="UTF-8"?>
<record
    xmlns:xsi="http://www.w3.org/2001/XMLSchema-instance"
    xsi:schemaLocation="http://www.loc.gov/MARC21/slim http://www.loc.gov/standards/marcxml/schema/MARC21slim.xsd"
    xmlns="http://www.loc.gov/MARC21/slim">

  <leader>01584nam a2200325 a 4500</leader>
  <controlfield tag="003">OSt</controlfield>
  <controlfield tag="005">20250924114024.0</controlfield>
  <controlfield tag="007">cr ||||||a|a|a</controlfield>
  <controlfield tag="008">250826s2025    mx a|||fom||| 001 0 spa d</controlfield>
  <datafield tag="040" ind1=" " ind2=" ">
    <subfield code="e">rda</subfield>
  </datafield>
  <datafield tag="100" ind1="1" ind2=" ">
    <subfield code="a">Guerra Cruz, Brad</subfield>
    <subfield code="9">190976</subfield>
  </datafield>
  <datafield tag="245" ind1="1" ind2="0">
    <subfield code="a">Caracterizaci&#xF3;n de un sistema de producci&#xF3;n de aves de combate (Gallus gallus domesticus) en Texcoco, Estado de M&#xE9;xico /</subfield>
    <subfield code="c">por Brad Guerra Cruz; director de tesis  Fernando Gonz&#xE1;lez Cer&#xF3;n; secretario Diego Z&#xE1;rate Contreras; vocal Sergio Iban Mendoza Pedroza; suplente Jos&#xE9; Isidro Alejos de la Fuente; suplente  Benito Bello Olivera.</subfield>
  </datafield>
  <datafield tag="264" ind1=" " ind2="1">
    <subfield code="a">Chapingo, M&#xE9;xico :</subfield>
    <subfield code="b">El autor,</subfield>
    <subfield code="c">2025.</subfield>
  </datafield>
  <datafield tag="300" ind1=" " ind2=" ">
    <subfield code="a">1 recurso en l&#xED;nea (96 p&#xE1;ginas):</subfield>
    <subfield code="b">cuadros, figuras.</subfield>
  </datafield>
  <datafield tag="336" ind1=" " ind2=" ">
    <subfield code="2">rdacontent</subfield>
    <subfield code="a">texto</subfield>
    <subfield code="b">txt</subfield>
  </datafield>
  <datafield tag="337" ind1=" " ind2=" ">
    <subfield code="2">rdamedia</subfield>
    <subfield code="a">computadora</subfield>
    <subfield code="b">c</subfield>
  </datafield>
  <datafield tag="338" ind1=" " ind2=" ">
    <subfield code="2">rdacarrier</subfield>
    <subfield code="a">recurso en l&#xED;nea</subfield>
    <subfield code="b">cr</subfield>
  </datafield>
  <datafield tag="502" ind1=" " ind2=" ">
    <subfield code="b">IAEZ</subfield>
    <subfield code="c">Zootecn&#xED;a</subfield>
    <subfield code="d">2025.</subfield>
    <subfield code="g">LIC</subfield>
  </datafield>
  <datafield tag="504" ind1=" " ind2=" ">
    <subfield code="a">Incluye referencias bibliogr&#xE1;ficas:82-84 p&#xE1;ginas .</subfield>
  </datafield>
  <datafield tag="650" ind1=" " ind2="4">
    <subfield code="a">Gallos de pelea</subfield>
    <subfield code="x">Cr&#xED;a</subfield>
    <subfield code="9">191234</subfield>
  </datafield>
  <datafield tag="650" ind1=" " ind2="4">
    <subfield code="a">Gallos de pelea</subfield>
    <subfield code="x">Alojamiento</subfield>
    <subfield code="9">191235</subfield>
  </datafield>
  <datafield tag="650" ind1=" " ind2="4">
    <subfield code="a">Gallos de pelea</subfield>
    <subfield code="x">Alimentaci&#xF3;n</subfield>
    <subfield code="9">191233</subfield>
  </datafield>
  <datafield tag="700" ind1="0" ind2=" ">
    <subfield code="a">Gonz&#xE1;lez Cer&#xF3;n, Fernando</subfield>
    <subfield code="9">48783</subfield>
    <subfield code="e">director.</subfield>
  </datafield>
  <datafield tag="700" ind1="1" ind2=" ">
    <subfield code="a">Z&#xE1;rate Contreras, Diego</subfield>
    <subfield code="9">189326</subfield>
    <subfield code="e">secretario.</subfield>
  </datafield>
  <datafield tag="700" ind1="1" ind2=" ">
    <subfield code="a">Mendoza Pedroza, Sergio Ib&#xE1;n</subfield>
    <subfield code="9">74719</subfield>
    <subfield code="e">vocal.</subfield>
  </datafield>
  <datafield tag="700" ind1="1" ind2=" ">
    <subfield code="a">Alejos de la Fuente, Jos&#xE9; Isidro</subfield>
    <subfield code="9">3759</subfield>
    <subfield code="e">suplente.</subfield>
  </datafield>
  <datafield tag="700" ind1="1" ind2=" ">
    <subfield code="a">Bello Olivera, Benito</subfield>
    <subfield code="9">128794</subfield>
    <subfield code="e">suplente.</subfield>
  </datafield>
  <datafield tag="856" ind1=" " ind2=" ">
    <subfield code="u">http://10.13.5.2/tesis/tl/1910937-8_GUERRA_CRUZ_BRAD.pdf</subfield>
    <subfield code="z">DESCARGAR PDF</subfield>
  </datafield>
  <datafield tag="942" ind1=" " ind2=" ">
    <subfield code="2">Clasificaci&#xF3;n Universidad Aut&#xF3;noma Chapingo</subfield>
    <subfield code="c">TD</subfield>
  </datafield>
  <datafield tag="999" ind1=" " ind2=" ">
    <subfield code="c">220856</subfield>
    <subfield code="d">220856</subfield>
  </datafield>
  <datafield tag="952" ind1=" " ind2=" ">
    <subfield code="0">0</subfield>
    <subfield code="1">0</subfield>
    <subfield code="2">local</subfield>
    <subfield code="4">0</subfield>
    <subfield code="5">1</subfield>
    <subfield code="7">0</subfield>
    <subfield code="8">TesDigL</subfield>
    <subfield code="a">BD</subfield>
    <subfield code="b">BD</subfield>
    <subfield code="c">E_L</subfield>
    <subfield code="d">2025-08-26</subfield>
    <subfield code="l">0</subfield>
    <subfield code="o">Tesis digital</subfield>
    <subfield code="r">2025-08-26 12:49:05</subfield>
    <subfield code="w">2025-08-26</subfield>
    <subfield code="y">TD</subfield>
  </datafield>
</record>
